<?xml version="1.0" encoding="UTF-8"?>
<record
    xmlns:xsi="http://www.w3.org/2001/XMLSchema-instance"
    xsi:schemaLocation="http://www.loc.gov/MARC21/slim http://www.loc.gov/standards/marcxml/schema/MARC21slim.xsd"
    xmlns="http://www.loc.gov/MARC21/slim">

  <leader>01268nam a2200253Ia 4500</leader>
  <datafield tag="952" ind1=" " ind2=" ">
    <subfield code="0">0</subfield>
    <subfield code="1">0</subfield>
    <subfield code="2">lcc</subfield>
    <subfield code="4">0</subfield>
    <subfield code="7">0</subfield>
    <subfield code="a">22</subfield>
    <subfield code="b">22</subfield>
    <subfield code="d">2010-09-22</subfield>
    <subfield code="l">5</subfield>
    <subfield code="o">BF185 B67 1978</subfield>
    <subfield code="p">17 000634</subfield>
    <subfield code="r">2024-09-24</subfield>
    <subfield code="s">2014-01-18</subfield>
    <subfield code="t">1</subfield>
    <subfield code="w">2012-06-26</subfield>
    <subfield code="y">LB</subfield>
  </datafield>
  <datafield tag="952" ind1=" " ind2=" ">
    <subfield code="0">0</subfield>
    <subfield code="1">0</subfield>
    <subfield code="2">lcc</subfield>
    <subfield code="4">0</subfield>
    <subfield code="7">0</subfield>
    <subfield code="a">22</subfield>
    <subfield code="b">22</subfield>
    <subfield code="d">2014-08-26</subfield>
    <subfield code="e">Promotora NARO</subfield>
    <subfield code="l">10</subfield>
    <subfield code="o">BF185 B67 1978</subfield>
    <subfield code="p">17 001807</subfield>
    <subfield code="r">2024-09-24</subfield>
    <subfield code="s">2023-09-18</subfield>
    <subfield code="t">2</subfield>
    <subfield code="w">2014-08-26</subfield>
    <subfield code="y">LB</subfield>
  </datafield>
  <datafield tag="999" ind1=" " ind2=" ">
    <subfield code="c">73370</subfield>
    <subfield code="d">73370</subfield>
  </datafield>
  <controlfield tag="005">20231102151118.0</controlfield>
  <controlfield tag="008">120626t20061978mx            000 0 spa d</controlfield>
  <datafield tag="020" ind1=" " ind2=" ">
    <subfield code="a">9789682477836</subfield>
  </datafield>
  <datafield tag="050" ind1="1" ind2="4">
    <subfield code="a">BF185</subfield>
    <subfield code="b">B67 2006</subfield>
  </datafield>
  <datafield tag="100" ind1="1" ind2=" ">
    <subfield code="a">Boring, Edwin G.</subfield>
    <subfield code="e">autor</subfield>
  </datafield>
  <datafield tag="245" ind1="1" ind2="0">
    <subfield code="a">Historia de la psicolog&#xED;a experimental</subfield>
    <subfield code="c"> / Edwin G. Boring</subfield>
  </datafield>
  <datafield tag="250" ind1=" " ind2=" ">
    <subfield code="a">3a. edici&#xF3;n</subfield>
  </datafield>
  <datafield tag="260" ind1=" " ind2=" ">
    <subfield code="a">M&#xE9;xico</subfield>
    <subfield code="b"> : Trillas</subfield>
    <subfield code="c"> , 2006</subfield>
  </datafield>
  <datafield tag="300" ind1=" " ind2=" ">
    <subfield code="a">822 p&#xE1;ginas,</subfield>
    <subfield code="b">ilustraciones; gr&#xE1;ficas</subfield>
  </datafield>
  <datafield tag="490" ind1=" " ind2=" ">
    <subfield code="a">Biblioteca T&#xE9;cnica de Psicolog&#xED;a</subfield>
  </datafield>
  <datafield tag="500" ind1=" " ind2=" ">
    <subfield code="a">Incluye: &#xCD;ndices (pp. 787-822)</subfield>
  </datafield>
  <datafield tag="504" ind1=" " ind2=" ">
    <subfield code="a">Incluye: Bibliograf&#xED;a (pp. 783-785)</subfield>
  </datafield>
  <datafield tag="505" ind1="2" ind2=" ">
    <subfield code="a">Orientaci&#xF3;n
Origen de la psicolog&#xED;a moderna dentro de la ciencia
Or&#xED;genes de la psicolog&#xED;a modernadentro de la filosof&#xED;a
La fundaci&#xF3;n de la psicolog&#xED;a experimental
El establecimiento de la psicolog&#xED;a moderna en Alemania
Tendencias posteriores en la psicolog&#xED;a moderna</subfield>
  </datafield>
  <datafield tag="519" ind1=" " ind2=" ">
    <subfield code="a">Plan Flexible / </subfield>
    <subfield code="b">Psicolog&#xED;a / </subfield>
    <subfield code="c">Psicolog&#xED;a Experimental (P21-2) / </subfield>
    <subfield code="d">(17 000634) </subfield>
  </datafield>
  <datafield tag="519" ind1=" " ind2=" ">
    <subfield code="a">Educaci&#xF3;n Mixta / 
</subfield>
    <subfield code="b">Psicolog&#xED;a / </subfield>
    <subfield code="c">Psicolog&#xED;a Experimental (P21-2) / </subfield>
    <subfield code="d">(17 001807) </subfield>
  </datafield>
  <datafield tag="650" ind1="1" ind2="4">
    <subfield code="a">PSICOLOG&#xCD;A EXPERIMENTAL</subfield>
    <subfield code="x">HISTORIA</subfield>
  </datafield>
  <datafield tag="942" ind1=" " ind2=" ">
    <subfield code="c">LB</subfield>
  </datafield>
</record>
